000 01083nam a2200313 a 4500
999 _c12519
_d12519
001 12519
003 BD-JhCC
005 20220612130137.0
008 220611s1999 nyub b 001 0 eng
020 _a0312226934 (cloth)
020 _a9781138878891
035 _a(BD-JhCC)12519
040 _aDLC
_cDLC
_dDLC
_dBD-JhCC
041 _aeng
050 0 0 _aDS485.H6
_bA62 1999
082 0 0 _a954.96
_221
_bALI 2008
100 1 _aAli, S. Mahmud,
_d1952-
245 1 0 _aCold war in the high Himalayas :
_bthe USA, China, and South Asia in the 1950s /
_cS. Mahmud Ali.
260 _aNew York :
_bSt. Martin's Press,
_c1999.
300 _axxxviii, 286 p. :
_bmap ;
_c25 cm.
504 _aIncludes bibliographical references (p. 252-279) and index.
650 0 _aCold War.
651 0 _aHimalaya Mountains Region
_xPolitics and government.
651 0 _aSouth Asia
_xForeign relations
_zUnited States.
651 0 _aUnited States
_xForeign relations
_zSouth Asia.
651 0 _aSouth Asia
_xForeign relations
_zChina.
651 0 _aChina
_xForeign relations
_zSouth Asia.
942 _2ddc
_cBK